UBT Library

Italo calvino (Record no. 60743)

000 -LEADER
fixed length control field 00297nam a22001337a 4500
008 - FIXED-LENGTH DATA ELEMENTS--GENERAL INFORMATION
fixed length control field 260105b ||||| |||| 00| 0 eng d
020 ## - INTERNATIONAL STANDARD BOOK NUMBER
International Standard Book Number 9788804776390
041 ## - LANGUAGE CODE
Language code of text/sound track or separate title ital
080 ## - UNIVERSAL DECIMAL CLASSIFICATION NUMBER
Universal Decimal Classification number 0001
100 ## - Rafti
Rafti 24
101 ## - Shkurtesa
Shkurtesa rom
245 ## - TITLE STATEMENT
Title Italo calvino
Statement of responsibility, etc Furioso Orlando
942 ## - ADDED ENTRY ELEMENTS (KOHA)
Source of classification or shelving scheme
Item type Books
Edition first
Holdings
Withdrawn status Lost status Source of classification or shelving scheme Damaged status Not for loan Permanent location Current location Date acquired Source of acquisition Total Checkouts Full call number Barcode Date last seen Price effective from Koha item type
          UBT - Lipjan UBT - Lipjan 01/05/2026 2025-04-14   2025-04-14 002-800070999326 01/05/2026 01/05/2026 Books
UBT Library © 2015-2024. All rights reserved University Education for Business and Technology